000 00895nam a22003017a 4500
003 CHAP
005 20220329133404.0
008 971013s1992 r 00010 d
010 _a5793
011 _a6765
035 _a5988
040 _cCHAP
082 _a636.0896
_bT7 1992
100 0 0 _aTrigo Tavera, Francisco J.
_9115140
245 _aPatología sistemática veterinaria
250 _a2ed.
260 _aMéxico, D.F. :
_bInteramericana,
_c1992
300 _a286 p.
_b: ilus.
500 _a59-185
590 _aBATCH-UPD
_b10
_c20130110
_lUCH01
_h1414
590 _aBATCH-UPD
_b10
_c20130410
_lUCH01
_h0859
590 _aBATCH-UPD
_b10
_c20130914
_lUCH01
_h1904
590 _aCONVERSION
_b10
_c20130109
_lUCH01
_h1304
650 1 4 _aPatología veterinaria.
_986194
901 _aBK
942 _cLIBRO
949 _a636.0896 T7 1992
_bBC
_cLIBRO
_d33724000265260
_eLIBRO
_h82336
_i5988
_si
_t55.00
999 _c5793
_d5793